Soccer National Team Jersey Makers 2022-23 - Statistics

General Stats
  • This quiz has been taken 296 times
  • The average score is 24 of 28
Answer Stats
Hint Answer % Correct
Argentina Adidas
100%
Belgium Adidas
100%
Chile Adidas
100%
Colombia Adidas
100%
Germany Adidas
100%
Mexico Adidas
100%
Spain Adidas
100%
Wales Adidas
100%
Australia Nike
99%
Brazil Nike
99%
Canada Nike
99%
England Nike
99%
France Nike
99%
Netherlands Nike
99%
Portugal Nike
99%
USA Nike
99%
Iceland Puma
94%
Israel Puma
94%
Italy Puma
94%
Morocco Puma
94%
Senegal Puma
94%
Serbia Puma
94%
Switzerland Puma
94%
Uruguay Puma
94%
Denmark Hummel
40%
Ukraine Joma
22%
Cameroon Le Coq Sportif
7%
Iran Majid
5%
No matching quizzes found
Score Distribution
Percent of People with Each Score
Percentile by Number Answered
Your Score History
You have not taken this quiz